| 000 | 01249nam1a2200301 i 4500 | ||
|---|---|---|---|
| 001 | RU\NLR\bibl\517543 | ||
| 005 | 20260408062855.0 | ||
| 035 | _a(NLR Aleph) 000509964 | ||
| 090 |
_a1226973 _c1226973 |
||
| 100 | _a20040506g20039999u a0rusy50 ca | ||
| 101 | 0 | _arus | |
| 102 | _aRU | ||
| 105 | _a||||g ||||| | ||
| 200 | 1 |
_aТранспорт за рубежом _eСправ. _fСовет по внеш. политике Ком. Госдумы по междунар. делам с участием МИД РФ, журн. "Коринф" Минэкономразвития РФ |
|
| 210 |
_aМ. _cАгентство "Бизнес-Пресс" _d2003 |
||
| 215 | _d29 | ||
| 225 | 1 | _aПолпред | |
| 463 | 0 | _1001514762 | |
| 463 | 0 | _1001514764 | |
| 606 |
_aТранспорт _jСправочники _yЗарубежные страны _91780419 _3RU\NLR\auth\661094799 |
||
| 686 | _aУ37(0)я2 | ||
| 712 | 0 | 1 |
_4570 _aРоссийская Федерация _bГосударственная Дума _bСовет по внешней политике _c1999-2003 _9562985 _3RU\NLR\AUTH\8810032218 |
| 801 | 0 |
_aRU _bNLR _c20040506 _gPSBO |
|
| 801 | 1 |
_aRU _bNLR _c20040506 |
|
| 852 |
_aNLR _j2004-8/1220 |
||
| 942 | _cBOOK | ||